ბათუმის შოთა რუსთაველის სახელმწიფო უნივერსიტეტის ბიბლიოთეკა

Practical course of english for marine electrical engineers : (ბიბ.ჩანაწერი № 53619)

000 -LEADER
fixed length control field 01242nam a2200277Ia 4500
001 - CONTROL NUMBER
control field 20666
003 - CONTROL NUMBER IDENTIFIER
control field GE_BSU
005 - DATE AND TIME OF LATEST TRANSACTION
control field 20210301220841.0
008 - FIXED-LENGTH DATA ELEMENTS--GENERAL INFORMATION
fixed length control field 181216s2017||||ge |||||||||||||| ||eng||
020 ## - INTERNATIONAL STANDARD BOOK NUMBER
International Standard Book Number 9789941462467
040 ## - CATALOGING SOURCE
Transcribing agency GE_BSU
041 ## - LANGUAGE CODE
Language code of text/sound track or separate title eng
Language code of original eng
080 ## - UNIVERSAL DECIMAL CLASSIFICATION NUMBER
Universal Decimal Classification number 811.111:621.3(075.8) T-34
100 ## - MAIN ENTRY--PERSONAL NAME
Personal name Tenieshvili, A.
9 (RLIN) 10284
245 ## - TITLE STATEMENT
Title Practical course of english for marine electrical engineers :
Remainder of title ინგლისური ენის პრაქტიკული კურსი საზღვაო ინჟინერ-ელექტრომექანიკოსებისთის /
264 ## - PRODUCTION, PUBLICATION, DISTRIBUTION, MANUFACTURE, AND COPYRIGHT NOTICE
Place of production, publication, distribution, manufacture Batumi :
Name of producer, publisher, distributor, manufacturer Batumi Shota Rustaveli State University,
Date of production, publication, distribution, manufacture, or copyright notice 2017.
300 ## - PHYSICAL DESCRIPTION
Extent 323 p. 30cm.
300 ## - PHYSICAL DESCRIPTION
Accompanying material Bibl.; p. 318-323
521 ## - TARGET AUDIENCE NOTE
Source Bibl. : p. 318-323
653 ## - INDEX TERM--UNCONTROLLED
keyword Practical course of english for marine electrical engineers
653 ## - INDEX TERM--UNCONTROLLED
keyword ინგლისური ენა
653 ## - INDEX TERM--UNCONTROLLED
keyword ინგლისური ენის პრაქტიკული კურსი საზღვაო ინჟინერ-ელექტრომექანიკოსებისთის
710 ## - ADDED ENTRY--CORPORATE NAME
Corporate name or jurisdiction name as entry element Batumi state maritime Akademy
9 (RLIN) 10285
942 ## - ADDED ENTRY ELEMENTS (KOHA)
Koha item type წიგნი
Source of classification or shelving scheme
ეგზემპლარები
Withdrawn status Lost status Source of classification or shelving scheme Damaged status Not for loan Permanent Location Current Location Shelving location Date acquired Cost, normal purchase price Full call number Barcode Date last seen Copy number Price effective from Koha item type Public note
          ბათუმის შოთა რუსთაველის სახელმწიფო უნივერსიტეტის მთავარი ბიბლიოთეკა ბათუმის შოთა რუსთაველის სახელმწიფო უნივერსიტეტის მთავარი ბიბლიოთეკა წიგნსაცავი 2018-12-17 19.28 811.111:621.3(075.8) T-34 53930 2018-12-17 53930 2018-12-17 წიგნი 19.28 GEL.
          ბათუმის შოთა რუსთაველის სახელმწიფო უნივერსიტეტის მთავარი ბიბლიოთეკა ბათუმის შოთა რუსთაველის სახელმწიფო უნივერსიტეტის მთავარი ბიბლიოთეკა წიგნსაცავი 2018-12-17 19.28 811.111:621.3(075.8) T-34 53931 2018-12-17 53931 2018-12-17 წიგნი 19.28 GEL.
          ბათუმის შოთა რუსთაველის სახელმწიფო უნივერსიტეტის მთავარი ბიბლიოთეკა ბათუმის შოთა რუსთაველის სახელმწიფო უნივერსიტეტის მთავარი ბიბლიოთეკა წიგნსაცავი 2018-12-17 19.28 811.111:621.3(075.8) T-34 53932 2018-12-17 53932 2018-12-17 წიგნი 19.28 GEL.
          ბათუმის შოთა რუსთაველის სახელმწიფო უნივერსიტეტის მთავარი ბიბლიოთეკა ბათუმის შოთა რუსთაველის სახელმწიფო უნივერსიტეტის მთავარი ბიბლიოთეკა წიგნსაცავი 2018-12-17 19.28 811.111:621.3(075.8) T-34 53933 2018-12-17 53933 2018-12-17 წიგნი 19.28 GEL.